| 000 | 00591cam a2200193 i 4500 | ||
|---|---|---|---|
| 003 | OSt | ||
| 005 | 20260206104801.0 | ||
| 008 | 790125s1979 nju b 001 0 eng | ||
| 020 | _a069102184 | ||
| 040 |
_aKABLIB _cKABLIB _beng _erda |
||
| 082 | 0 | 0 |
_a321.8 _223 _bPEN |
| 100 | 1 |
_aPennock, J. Roland _q(James Roland), _915506 |
|
| 245 | 1 | 0 |
_aDemocratic political theory / _cJ. Roland Pennock. |
| 260 |
_aNew Jersey : _bPrinceton University Press, _cc1979. |
||
| 300 |
_axxii, 573 p. ; _c23 cm. |
||
| 504 | _aIncludes index, Bibliography: p. 527-557. | ||
| 650 | 0 | _aDemocracy. | |
| 942 |
_2ddc _cBOOK |
||
| 999 |
_c6101 _d6101 |
||